[Event "FIDE World Cup"]
[Site "Khanty Mansiysk"]
[Date "2019.09.12"]
[Round "1.1"]
[White "Nihal, Sarin"]
[Black "Cori, Jorge Moise"]
[Result "1-0"]
[WhiteElo "2610"]
[BlackElo "2676"]
[Annotator "Nihal,Sarin"]
[PlyCount "113"]
[EventDate "2019.09.10"]
[EventType "k.o."]
[EventRounds "7"]
[EventCountry "RUS"]
[SourceTitle "CBM 192"]
[Source "ChessBase"]
[SourceDate "2019.10.31"]
[SourceVersion "1"]
[SourceVersionDate "2019.10.31"]
[SourceQuality "1"]

1. e4 c5 2. Nf3 Nc6 3. d4 cxd4 4. Nxd4 e5 {Although we took this variation
into account in our preparation, this wasn't quite what we expected.} 5. Nb5 d6
6. c4 {A nice, solid way of playing for White.} Be7 7. N1c3 a6 8. Na3 Be6 {
Black delays Nf6 to retain the option of Bg5.} (8... f5 {is another way of
playing this position} 9. exf5 Bxf5 10. Bd3 Be6 {These positions are probably
a bit better for White, but with a full game ahead.}) 9. Nc2 {Perhaps a bit
committal.} (9. Be2) ({or} 9. Bd3 {would have been more flexible}) 9... Rc8 {
Now I had to think for quite a while. Black threatens Na5 and b5.} 10. Be2 {
Completely based on intuition. I felt that Black's ambitious idea of Rc8 and
Na5 didn't really have high chances of working as he is completely undeveloped.
} Na5 11. b3 b5 12. Ne3 ({Initially I considered various ways of putting the
knight on d5, like} 12. Nd5 bxc4 13. Be3 Bxd5 14. exd5 {was also possible.} (
14. Qxd5 Nf6 {is nothing})) ({and} 12. Be3 bxc4 13. Nd5) (12. Nb4 {is also
another route to reach d5. All roads lead to Rome.}) 12... bxc4 13. Ned5 Nf6
14. Be3 {[%csl Gc3,Gd5,Ge3] I liked my piece configuration and the setup that
I have reached. Black has problems with his knight on a5 and I thought this
position wasn't easy to play for him.} Bxd5 15. Nxd5 Nxd5 16. Qxd5 O-O 17. O-O
(17. Rc1 cxb3 18. Rxc8 Qxc8 19. Qxa5 b2 20. Kd2 {doesn't work unfortunately
due to} d5 $1 21. exd5 Qb7 {[%cal Gb2b1,Ge7b4]}) 17... cxb3 18. Bxa6 {Black is
in a very tricky spot.} (18. axb3 Nc6 19. Bxa6 Nb4 20. Qd2 Nxa6 21. Rxa6 {
is also slightly better for White, but I felt that the game continuation was
much stronger.}) 18... Rc3 (18... b2 19. Rab1 Rc2 20. Bd3 {is better for White.
}) (18... Rb8 19. Bb5 ({After} 19. Bd2 {There might be some} Qb6)) 19. Rfb1 $1
{By process of elimination. White keeps playing against the a5 knight.} (19.
axb3 Nxb3 20. Ra3 {Initially I thought this wins for White, but Black has} Qa8
$1 {and survives.}) 19... Nc6 (19... bxa2 20. Rxa2 Nc6 21. Bb6 Qb8 22. Qd2) 20.
Rxb3 Rxb3 21. Qxb3 Nd4 22. Bxd4 exd4 23. Bc4 {Initially this didn't feel like
such a massive advantage, but with time it became much clearer.} Qa5 24. g3 Bg5
25. Kg2 g6 26. Bd5 Qc3 {Black tries to proceed actively, which wasn't the best
way of defending in this position.} 27. Rd1 Kg7 28. Rd3 Qc5 29. a4 Bd8 {
It is getting hard for Black to find active counterplay.} ({Something like} 
29... f5 {would never really be effective as it only weakens Black's king
further.} 30. Rf3) 30. Qb2 Bb6 31. Rb3 Ba5 32. Rd3 Bb6 33. h4 {With most of
Black's attention spent on preventing the advance of White's a-passer and
defending d4, Black's kingside is left relatively unprotected. White's
superior piece coordination ensures that it is easier to swing from one side
to the other.} Rc8 34. Qe2 Ba7 35. h5 Qc1 36. Qg4 Rc7 37. Rf3 d3 38. Qh4 Bd4
39. Rxd3 {Probably more practical in time trouble.} (39. Bxf7 {was apparently
winning more forcefully.}) 39... g5 (39... Bxf2 {loses straight away to} 40.
h6+) 40. h6+ Kf8 41. Qh5 {Forcing an endgame position where I felt the chances
to convert was very high.} Bxf2 42. Rf3 Qg1+ 43. Kh3 Qh1+ 44. Kg4 Qxh5+ 45.
Kxh5 Bd4 (45... Be1 {could perhaps have offered more resistance, but it was
not such a joyous position to defend as Black anyway.}) 46. a5 Ra7 47. a6 f6
48. Ra3 Ke7 49. Kg4 Kd8 50. Bb7 Bc5 51. Rb3 Ke7 52. Kf5 Bd4 53. g4 Kd7 54. Bd5
Rxa6 55. Rb7+ Kc8 56. Rxh7 Ra1 57. Rf7 {A pleasing start to the World Cup :)}
1-0

[Event "RUS-ch"]
[Site "Elista"]
[Date "1995.??.??"]
[Round "8"]
[White "Tiviakov, Sergei"]
[Black "Shcherbakov, Ruslan"]
[Result "1-0"]
[WhiteElo "2655"]
[BlackElo "2520"]
[Annotator "Nikitin,A"]
[PlyCount "95"]
[EventDate "1995.10.??"]
[EventType "swiss"]
[EventRounds "11"]
[EventCountry "RUS"]
[SourceTitle "CBM 050"]
[Source "ChessBase"]
[SourceDate "1996.02.01"]
[SourceVersion "1"]
[SourceVersionDate "1996.02.01"]
[SourceQuality "1"]

1. e4 c5 2. Nf3 Nc6 3. d4 cxd4 4. Nxd4 e5 5. Nb5 d6 6. c4 Be7 7. N1c3 a6 8. Na3
Be6 9. Nc2 Bg5 10. Bd3 Bxc1 11. Rxc1 (11. Qxc1 Nf6 12. O-O Qb6 13. b3 Rc8 14.
Rd1 O-O 15. h3 $14 {Hracek,Z-Tkachiev,V/Jakarta/1994/0,5/19/}) 11... Nf6 (11...
Qg5 12. O-O Nge7 13. Re1 O-O 14. Bf1 Rad8 15. Nd5 f5 $13) (11... Nge7 12. O-O
O-O $13) 12. O-O O-O 13. Nd5 Nd7 14. b4 Rc8 (14... a5 15. a3 axb4 16. axb4 $14)
15. Qd2 Kh8 (15... Nb6 16. Qe3 $1 Bxd5 17. exd5 Ne7 18. Na1 $1 Nd7 19. Nb3 Kh8
20. Rfd1 $14 {Tiviakov,S-Sherbakov,R/RUS-ch/1994/0,5/51/}) 16. Rfd1 Ne7 17.
Nde3 $1 Nf6 18. f3 Qc7 19. Bf1 Rfd8 20. Kh1 Qb8 21. a4 Ne8 $6 (21... a5 $5 22.
bxa5 Qa7 23. Rb1 Nc6 24. Rb5 Ra8 25. Nd5 Bxd5 26. cxd5 Nxa5 27. Rb4 Nd7 28. Bb5
Nc5 $10) 22. a5 $1 Qa7 23. Nd5 Bxd5 24. exd5 $16 f5 25. Re1 Nf6 $2 26. Nd4 $1
Ne4 27. fxe4 Qxd4 28. Qxd4 exd4 29. Rcd1 $1 (29. e5 $2 dxe5 30. Rxe5 Nxd5 $1
$17) 29... f4 30. e5 $1 (30. Rxd4 Ng6 31. e5 $1 dxe5 (31... Nxe5 32. Rxf4 $16)
32. Rdd1 $1 Kg8 33. c5 Kf7 34. d6 Kf6 35. Bd3 $16) 30... Nf5 31. exd6 Rxd6 32.
c5 $1 Rxd5 33. Bc4 Rdd8 34. Be6 g6 (34... Ne3 35. Bxc8 Nxd1 36. Bxb7 Ne3 37. c6
d3 38. c7 Rf8 39. c8=Q Rxc8 40. Bxc8 d2 41. Rb1 d1=Q+ 42. Rxd1 Nxd1 43. b5 Nc3
44. b6 $18) 35. Bxc8 Rxc8 36. Re6 Kg7 37. Kg1 $18 Rc7 38. Kf2 Kf7 39. Rb6 Rd7
40. Rd3 Ne7 41. Kf3 Nc6 42. Kxf4 Ke8 43. Rd1 Rf7+ 44. Kg5 Rc7 45. Kh6 Kd8 46.
Rxc6 bxc6 47. Rxd4+ Ke8 48. g4 1-0

[Event "World Cup"]
[Site "Khanty-Mansiysk"]
[Date "2009.11.26"]
[Round "2.5"]
[White "Nisipeanu, Liviu Dieter"]
[Black "Polgar, Judit"]
[Result "1-0"]
[WhiteElo "2677"]
[BlackElo "2680"]
[Annotator "Nisipeanu,LD"]
[PlyCount "91"]
[EventDate "2009.11.21"]
[EventType "k.o."]
[EventRounds "7"]
[EventCountry "RUS"]
[SourceTitle "CBM 134"]
[Source "ChessBase"]
[SourceDate "2010.01.18"]
[SourceVersion "1"]
[SourceVersionDate "2010.01.18"]
[SourceQuality "1"]

1. e4 c5 2. Nf3 Nc6 3. d4 cxd4 4. Nxd4 e5 {A big surprise for me, because I
was certain that this line was a one-game try and we had already had this in
our first rapid encounter.} 5. Nb5 a6 6. Nd6+ Bxd6 7. Qxd6 Qf6 8. Qxf6 {
Simple chess! I had already played this way against the specialist of this
line Paco Vallejo in Heviz 2008.} ({I took this line seriously after seeing
the game Kramnik-Vallejo Amber 2005 (blind) which went} 8. Qd1 Qg6 9. Nc3 Nge7
10. h4 h5 11. Rh3 d5 12. Rg3 Bg4 13. f3 dxe4 14. fxg4 Rd8 15. Bd2 f5 16. Re3
hxg4 $19) 8... Nxf6 9. Nc3 Nb4 10. Bd3 h6 $6 {I don't like this move, which in
my opinion is just wasting time.} ({Better seems} 10... d6 11. Bg5 Be6 12.
O-O-O Ng4 13. Bh4 g5 14. Bg3 Nxd3+ $1 (14... Ke7 {was played in the first
rapid game by Judit against me, but after} 15. Be2 $1 {White kept a small but
stable advantage due to his bishop pair.}) 15. Rxd3 Ke7 {and White has only a
very small edge.}) 11. Be3 d6 12. O-O-O Be6 13. a3 {I was aiming to be able to
play quickly and strongly in this game, since winning was my only option at
this point in the match. Therefore a position with a clear plan and zero
tactics suited me well.} ({Another option and possibly a better one was} 13.
Be2 d5 (13... Rc8 14. Rxd6 Nxa2+ 15. Nxa2 Bxa2 16. Rb6 $16) 14. a3 d4 15. axb4
dxe3 16. fxe3 Rc8 $14) 13... Nxd3+ 14. Rxd3 Ke7 15. Rhd1 Rhd8 16. Bb6 {White
has a very pleasant edge in this endgame and by simply pushing his pawns
according to 'the book' will create big practical problems for Black. My ideal
pawn configuration on the queenside would be a5, b3, c4 and on the kingside e4,
f3, g4, h5 and if White can get it Black will suffocate surely.} Rd7 17. f3 Rc8
18. a4 Rc6 19. a5 Bc4 ({Maybe a better way to fight against White's plan was} 
19... Nh5 20. R3d2 Nf4 {but after} 21. h4 f6 22. Kb1 {Black is still facing an
unpleasant defence.}) 20. Re3 {Just to avoid any Ke6 followed by d6-d5 ideas.}
Ne8 21. b3 Be6 22. g4 {No f7-f5 please!} Rc8 23. Kb2 Nf6 24. Red3 Ne8 25. h4 f6
26. h5 {First step complete, now White only has to play Na4, c2-c4, Bf2-e1-b4
and Nb6 for a complete squeeze.} Nc7 27. R1d2 {Overprotection never hurts!} Na8
28. Na4 Rc6 29. Bf2 Rdc7 30. c4 Rc8 31. Rd1 {Since Black is in a sort of
strange zugzwang, it makes no sense to hurry, especially in a rapid game.
Anyway this move opens the way for the bishop to reach b4.} Nc7 $2 {A blunder,
but the position should be lost anyway.} (31... R8c7 32. c5 dxc5 33. Rd8 Rc8
34. Bxc5+ Kf7 35. Rxc8 Rxc8 36. Bb4 {followed by Nc5 should be winning.}) (
31... Bf7 32. c5 dxc5 33. Rd7+ Ke8 34. Rxb7 $18) 32. Nb6 Rb8 33. Nd5+ Kf7 34.
Nb4 $18 Ne8 35. Nxc6 bxc6 36. Kc3 Ke7 37. b4 Rc8 38. Bb6 Ra8 39. c5 $1 {
The easiest way to break down Black's defences.} d5 40. exd5 Bxd5 41. Rxd5 cxd5
42. Rxd5 Ke6 43. Kc4 Rc8 44. Rd1 f5 45. gxf5+ Kxf5 46. b5 1-0

[Event "Moscow-ch"]
[Site "Moscow"]
[Date "1994.??.??"]
[Round "?"]
[White "Kobalia, Mihail"]
[Black "Utemov, Vladimir"]
[Result "1-0"]
[WhiteElo "2410"]
[BlackElo "2405"]
[Annotator "Notkin,M"]
[PlyCount "74"]
[EventDate "1994.??.??"]
[EventType "swiss"]
[EventRounds "9"]
[EventCountry "RUS"]
[SourceTitle "CBM 043"]
[Source "ChessBase"]
[SourceDate "1994.12.01"]
[SourceVersion "1"]
[SourceVersionDate "1994.12.01"]
[SourceQuality "1"]

{EXP 43} 1. e4 c5 2. Nf3 Nc6 3. d4 cxd4 4. Nxd4 Qb6 5. Nb5 a6 6. Be3 Qa5+ (6...
Qd8 $142 7. N5c3 e6 8. Na4 b5 9. Nb6 Rb8 10. Nxc8 Qxc8 $1 11. Bf4 e5 12. Be3
Nf6 13. Bd3 d5 14. exd5 Nxd5 15. O-O Nxe3 16. fxe3 $13 {Kaidanov,G-Yermolinsky,
A/Asheville/1992/0:1 (63)}) 7. N5c3 e6 8. Bd3 (8. Nd2 $5 b5 9. a4 b4 10. Nc4
Qc7 11. Nd5 $1 exd5 12. exd5 Nd8 13. Qe2 d6 14. Bb6+ Qe7 15. Nxd6+ Kd7 16. Ne4
$16 {Ehlvest,J-Smirin,I/Moscow/1992/1:0 (24)}) 8... d5 (8... b5 9. Nd2 Qc7 10.
O-O Nf6 11. f4 b4 $6 (11... d6 $14 {Yudasin}) 12. Na4 Rb8 13. Qe2 $16 {Yudasin,
L-Polgar,J/Madrid/1992/1:0 (69)}) 9. Nd2 Nf6 (9... d4 $2 10. Nb3 Qb6 11. Nxd4
$16) 10. exd5 (10. O-O $5) 10... exd5 (10... Nxd5 11. Nxd5 Qxd5 12. O-O $16)
11. O-O Bd6 $2 (11... Be7 $14) 12. h3 (12. Bg5 $1 Be6 13. Nb3 Qc7 (13... Qb6
14. Bxf6 gxf6 15. Qf3 $16) 14. f4 $16) 12... O-O $6 (12... h6 $1 $10) 13. Bg5
Be5 (13... Be7 $142) 14. Nb3 Qd8 15. Nxd5 $1 Bxb2 (15... Qxd5 16. Bxf6 $16) 16.
Rb1 h6 17. Bh4 Be5 (17... Be6 18. c4 Be5 19. f4 $16) 18. f4 Qxd5 19. Bxf6 Bd4+
20. Nxd4 Nxd4 21. Be5 Be6 (21... Nf5 22. Qg4 $16) (21... Rd8 22. Re1 $16) 22.
Kh2 Nc6 (22... Rad8 23. Bxd4 Qxd4 24. Rxb7 Bxa2 25. Qa1 Qd5 26. Rb4 $1 $16) 23.
Ba1 b5 24. f5 Qd6+ (24... Bc8 $142 25. f6 g6 26. Qd2 $16) 25. g3 Bc4 (25...
Bxa2 26. Bxg7 $1 Bxb1 27. Qg4 $18) 26. Bxg7 $1 Bxd3 (26... Kxg7 27. f6+ Kh8 28.
Qh5 $18) (26... Rfd8 27. Qg4 $18) 27. Bxf8 Rxf8 28. Qxd3 $18 Qxd3 29. cxd3 Rd8
30. Rfd1 Nd4 31. g4 Kg7 32. Rbc1 $1 (32. Kg2 Re8 33. Rd2 Re3 34. Rb4 $18) 32...
Re8 33. a4 (33. a3 $1) 33... Re2+ 34. Kg3 Re3+ $1 35. Kf4 (35. Kg2 Re2+ 36. Kf1
Rh2 $44) 35... Rxh3 36. Rc5 $2 (36. Rc8 bxa4 37. Ke5 $16) 36... bxa4 37. Ke4
Nb3 $138 1-0

[Event "Linares Anibal op 07th"]
[Site "Linares"]
[Date "2000.01.10"]
[Round "4"]
[White "Vokarev, Sergey"]
[Black "Shabalov, Alexander"]
[Result "1-0"]
[WhiteElo "2469"]
[BlackElo "2566"]
[Annotator "Oratovsky,M"]
[PlyCount "83"]
[EventDate "2000.01.07"]
[EventType "swiss"]
[EventRounds "10"]
[EventCountry "ESP"]
[SourceTitle "CBM 075"]
[Source "ChessBase"]
[SourceDate "2000.04.05"]
[SourceVersion "1"]
[SourceVersionDate "2000.04.05"]
[SourceQuality "1"]

1. e4 c5 2. Nf3 Nc6 3. d4 cxd4 4. Nxd4 e5 5. Nb5 d6 6. c4 Be7 7. N1c3 a6 8. Na3
f5 9. exf5 Bxf5 10. Be2 (10. Nc2 Nf6 11. Ne3 Be6 12. Bd3 Nd4 13. O-O O-O 14.
Bd2 Qd7 15. Ne4 b5 16. b3 Rac8 17. Rc1 Bd8 18. Nxf6+ Rxf6 19. Be4 Bb6 20. Nd5
Bxd5 21. Bxd5+ Kh8 22. Be3 b4 $36 {[%csl Gd4][%cal Gb6c5,Ga6a5,Yc8f8] 1/2-1/2
Ivanovic,B-Goldin,A/JUG-chT 1997 (30)}) (10. Bd3 Be6 11. O-O Nf6 12. Bg5 O-O
13. Bxf6 (13. Nc2 Ng4 $5 {[%csl Re7,Gg5]} 14. Bxe7 Qxe7 15. h3 Nh6 16. Ne3 Rad8
17. Be4 Kh8 18. Qd3 Qh4 $132 {Mueller,K-Shabalov,A/Europe vs Americas 1998/0-1
(49)}) 13... Rxf6 14. Nc2 Qb6 15. Ne3 Rh6 16. Bf5 Bf7 17. Be4 Nd4 18. Ng4 Rh4
19. Nd5 $14 {[%csl Rh4] 0-1 Liss,E-Goldin,A/Rishon Le Zion 9798 1997 (47)})
10... Nf6 11. Nc2 {[%csl Gd5][%cal Gc2e3,Ge3d5]} O-O 12. O-O Rc8 (12... Bxc2 $6
13. Qxc2 Nd4 14. Qd1 Nd7 15. Be3 Nxe2+ 16. Qxe2 $16 {[%csl Gd5,Rd6,Re7][%cal
Ga1d1] Zeberski,J-Ogiewka,R/POL-chTJ 1996/1-0 (60)}) 13. Ne3 Be6 14. Bf3 Kh8 {
preventing exchange of liightsquare bishops} 15. Bd5 Bd7 16. b3 b5 17. Bb2 (17.
cxb5 Nd4 18. Bb2 axb5 $132 {[%cal Gb5b4]}) 17... Nb4 (17... bxc4 18. Bxc4 $14 {
[%csl Ra6][%cal Gc3d5]}) 18. Qe2 Qe8 19. Rad1 Qg6 20. Ba3 a5 $6 {dubious pawn
sacrifise.Black gets sufficient counterplay after simple} (20... Nbxd5 $5 21.
Ncxd5 Nxd5 22. Nxd5 Bc6 23. f3 (23. f4 $6 Bxd5 24. Rxd5 bxc4 25. fxe5 (25. bxc4
Rxf4 26. Rxf4 exf4 27. Qxe7 Qb1+ 28. Kf2 Qxa2+ $17 {[%csl Ra3]}) 25... Rxf1+
26. Qxf1 Qe4 $1 $15) 23... Bxd5 (23... Bd8 24. Ne3 Bc7 25. Kh1 $14) 24. Rxd5
bxc4 25. bxc4 Rc6 $13 {but such positions is not in the Shabalovs stile!}) 21.
Bxb4 axb4 22. Nxb5 $14 Nh5 23. Qd3 Qg5 24. Be4 {[%cal Ge3d5]} Nf4 25. Qd2 Qh5
26. Nxd6 ({not good for white is} 26. Nd5 $6 Bg5 27. Qxb4 Ne2+ 28. Kh1 {
[%tqu "En","","","","f8f2","",10]} Rxf2 $1 29. Bf3 Rxf3 30. Rxf3 e4 $1 $40 31.
Qxd6 exf3 32. Qxd7 Ng3+ 33. Kg1 f2+ 34. Kxf2 Rf8+ $19 {with mating attack})
26... Rcd8 27. c5 {[%csl Gd6]} Ne2+ 28. Kh1 Rf4 {[%cal Rh5h2]} (28... Nc3 29.
f3 Nxd1 30. Rxd1 $14) 29. g4 $1 {Looks like white feels very comfortable in
arised complications!} Rxg4 ({losing by force} 29... Bxg4 {[%tqu "En","","","",
"d6f7","",10]} 30. Nf7+ $1 Qxf7 (30... Rxf7 31. Qxd8+ Bf8 32. Nxg4 $18) 31.
Qxd8+ Bxd8 32. Rxd8+ Qg8 33. Rxg8+ Kxg8 34. Bd5+ Kf8 35. Nxg4 Rxg4 36. Bf3 $18
({or} 36. c6 Ke7 37. c7 Kd7 38. Be6+ $18)) 30. Qxe2 $1 $18 ({Last hope for
black was} 30. Nxg4 $6 Bxg4 31. Bg2 Nd4 $1 $132 {[%cal Gd4f3]} (31... Nf4 32.
f3 $18) 32. f4 Bxd6 33. cxd6 Nf3 34. Bxf3 Bxf3+ 35. Rxf3 (35. Kg1 $2 Qg4+ 36.
Kf2 Rxd6 $1 37. Qxd6 Qg2+ 38. Ke3 Qe2#) 35... Qxf3+ 36. Kg1 exf4 $132 {but
after correct move,played in the game,white gets big material advantage
despite of absent queen}) 30... Rg1+ 31. Rxg1 Qxe2 32. Nf7+ {The rest of the
game is easy job for white} Kg8 33. Nxd8 Bc8 34. Nc6 Bf6 35. Nxe5 g6 36. Bxg6
Kf8 37. Bd3 Qh5 38. f4 Bxe5 39. fxe5 Qf3+ 40. Ng2 Ke7 41. Rgf1 Qg4 42. c6 1-0

[Event "Kharkov Rector Cup 3rd"]
[Site "Kharkov"]
[Date "2001.04.23"]
[Round "8"]
[White "Ponomariov, Ruslan"]
[Black "Zubarev, Alexander2"]
[Result "1-0"]
[WhiteElo "2673"]
[BlackElo "2460"]
[Annotator "Ponomariov,R"]
[PlyCount "57"]
[EventDate "2001.04.18"]
[EventType "tourn"]
[EventRounds "10"]
[EventCountry "UKR"]
[EventCategory "13"]
[SourceTitle "CBM 083"]
[Source "ChessBase"]
[SourceDate "2001.07.05"]
[SourceVersion "1"]
[SourceVersionDate "2001.07.05"]
[SourceQuality "1"]

{[%mdl 8272]} 1. e4 c5 2. Nf3 Nc6 3. d4 cxd4 4. Nxd4 e5 5. Nb5 d6 6. c4 Be7 7.
b3 f5 $5 8. exf5 (8. Nd2 $6 Nf6 9. Bd3 f4 10. Bb2 O-O $13 11. c5 $2 dxc5 12.
Nf3 Kh8 13. Bc4 Qxd1+ 14. Rxd1 Bg4 15. Nc7 Rac8 16. Ne6 b5 $1 $19 {
Ponomariov-Degraeve, Belfort 1998}) (8. Ba3 $5 Nf6 9. N1c3 Qa5 $1 10. Qd2 O-O
11. Nd5 Qxd2+ 12. Kxd2 Rd8 13. Nxe7+ $13 {1/2-1/2 Anand-Tregubov, Shenyang 2000
}) 8... Nf6 (8... Bxf5 9. Bd3 $1 e4 (9... Be6 $5) 10. Be2 Bf6 $2 11. Nxd6+ Kf8
12. Ba3 Nge7 13. Nd2 Qa5 14. Nxf5 Qxa3 15. Ng3 Bxa1 16. Qxa1 Rd8 17. Ngxe4 Nd4
18. Bd1 Nef5 19. O-O $16 {Volokitin-Poluliakhov, Cappelle la Grande 2001}) 9.
Bd3 e4 10. Be2 Bxf5 11. O-O a6 12. Nd4 Nxd4 13. Qxd4 O-O 14. Nc3 $16 Qe8 15.
Bf4 Rd8 16. Rad1 Kh8 17. f3 Qg6 18. fxe4 Nxe4 19. Nd5 Bh3 $4 (19... Bh4 20. Bd3
Rde8 21. Ne3 Bc8 22. Bb1 $16) 20. Bf3 Ng5 21. Qd2 $1 $18 Nxf3+ 22. Rxf3 Bg4 23.
Nxe7 Qh5 24. Rdf1 Bxf3 25. Rxf3 Rde8 $6 26. Rh3 $1 Qg4 27. Qd3 h5 28. Ng6+ Kg8
29. Nxf8 {1.05-1.20} 1-0

[Event "EU-ch 6th"]
[Site "Warsaw"]
[Date "2005.06.25"]
[Round "7"]
[White "Postny, Evgeny"]
[Black "Tregubov, Pavel V"]
[Result "1-0"]
[WhiteElo "2556"]
[BlackElo "2612"]
[Annotator "Postny,E"]
[PlyCount "59"]
[EventDate "2005.06.18"]
[EventType "swiss"]
[EventRounds "13"]
[EventCountry "POL"]
[SourceTitle "CBM 108"]
[Source "ChessBase"]
[SourceDate "2005.09.26"]
[SourceVersion "1"]
[SourceVersionDate "2005.09.26"]
[SourceQuality "1"]

1. e4 c5 2. Nf3 Nc6 3. d4 cxd4 4. Nxd4 e5 5. Nb5 d6 6. c4 Be7 7. N1c3 a6 8. Na3
f5 {This aggressive line is fashionable nowadays. More classical continuation
is 8...Be6 followed by 9...Bg5.} 9. exf5 Bxf5 10. Bd3 ({Another playable plan
connected with the fianchetto of white's light-squared bishop.} 10. Nc2 Nf6 11.
Ne3 Be6 12. g3 Rc8 13. Bg2 b5 14. cxb5 axb5 15. O-O {1/2-1/2 Leko,P-Radjabov,T/
Dortmund 2003 (60)}) 10... Be6 {Of course, black must stay away from this
exchange, since light squares in his camp are vylnerable.} 11. O-O Nf6 12. Nc2
O-O 13. Nd5 $5 (13. b3 Qd7 14. Bb2 Bd8 15. Ne4 Bb6 16. Ne3 Kh8 17. Ng5 Bg8 18.
Qd2 Rad8 19. Rad1 Ng4 20. Nxg4 Qxg4 21. Be2 Qc8 $132 {1/2-1/2 Nijboer,
F-Tregubov,P/Wijk aan Zee 2002 (43)}) (13. Bg5 Ng4 14. Bxe7 Qxe7 15. h3 Nf6 16.
Nd5 Qf7 17. Nce3 Kh8 18. Nxf6 Qxf6 19. Be4 Nd4 20. Nd5 Qh4 $15 {1/2-1/2
Apicella,M-Tregubov,P/Clichy 2001 (49)}) (13. Ne3 Qd7 14. Ncd5 Bd8 15. b3 Nd4
16. Bb2 Nxd5 17. cxd5 Bf7 $11 {0-1 Isaev,J-Fedorov,A/Bled ol 2002 (39)}) 13...
Rc8 (13... Kh8 14. Nce3 Nd4 15. b3 Rc8 16. Bb2 Nxd5 17. Nxd5 Bxd5 18. cxd5 $14
{1-0 Asrian,K-Nalbandian,T/Yerevan 2005 (32)}) (13... Nxd5 $6 14. cxd5 Bxd5 15.
Bxh7+ Kxh7 16. Qxd5 $14 {[%csl Rh7]}) 14. b3 Kh8 $146 {Moving the king to a
safer square. Now, black is threatening to take on d5.} (14... Bf7 15. Be3 Nxd5
16. cxd5 Nb8 17. a4 Qe8 18. Na3 Bg6 19. Nc4 Nd7 $11 {0-1 Loskutov,O-Markarov,A/
St Petersburg 2000 (75)}) (14... Qe8 15. Ba3 Kh8 16. Nxf6 Rxf6 17. Be4 b5 $132
{0-1 Cossin,S-Camus de Solliers,G/Reims 2004 (37)}) 15. Nce3 Qe8 16. Bb2 $14
Bd8 (16... Qf7 17. f4 Bxd5 18. fxe5 dxe5 19. Nxd5 Bc5+ 20. Kh1 Bd4 $14) 17. Rc1
Qd7 $6 {It looks like Tregubov didn't find a concrete plan.} (17... Nd7 $5 {
[%cal Yd8g5,Yd7c5]}) 18. Kh1 {A useful prophylactic move. White is preparing
f2-f4 thrust.} Ne7 $2 ({Good or bad, necessary was} 18... Nd4) 19. Nxf6 Rxf6 {
[%tqu "En","How should White continue?","","","f2f4","White's pieces are
ideally placed for executing this breakthrow. Black is already unable to keep
material balance.",10]} 20. f4 $1 {[%mdl 2048] White's pieces are ideally
placed for executing this breakthrow. Black is already unable to keep material
balance.} Rxf4 $2 {This loses on the spot.} (20... Nc6 21. Nd5 Rf8 (21... Rh6
22. fxe5 Nxe5 23. Rf8+ Bg8 24. Bf5 $18) (21... Rf7 22. Qh5 $18) (21... Bxd5 22.
cxd5 Nd4 23. Rxc8 Qxc8 24. fxe5 dxe5 25. Re1 $1 $18) 22. Qh5 Bg8 23. fxe5 $18)
(20... Bb6 21. fxe5 dxe5 (21... Rxf1+ 22. Nxf1 dxe5 23. Bxe5 $16) 22. Rxf6 gxf6
(22... Bxe3 23. Qh5 $1 Qxd3 24. Qxe5 Rg8 25. Rf3 $18) 23. Qf3 $16) 21. Rxf4
exf4 22. Qh5 {[%csl Rh7]} Bg8 23. Qh6 $6 {I saw that this one wins for sure,
and didn't bother myself to look for a much more convincing strike.} (23. Bxh7
$1 Bxh7 24. Qf7 {[%csl Rg7] could finish the game in style.}) (23. Nf5 $4 Nxf5
24. Bxf5 Rc5 $13) 23... Nc6 24. Bf5 Qf7 25. Bxc8 Ne5 (25... fxe3 26. Qxe3 $18)
26. Qxd6 Bc7 27. Be6 {I decided to give some material back, but to simplify to
an easily won endgame.} Bxd6 28. Bxf7 fxe3 29. Bxe5 Bxe5 30. Bxg8 1-0